| 000 | 00595nam a2200229Ia 4500 | ||
|---|---|---|---|
| 003 | OSt | ||
| 005 | 20221005124452.0 | ||
| 006 | a|||||r|||| 00| 0 | ||
| 007 | ta | ||
| 008 | 221004b |||||||| |||| 00| 0 eng d | ||
| 024 | _a59509 | ||
| 037 | _cTextual | ||
| 040 |
_aCRL _cCRL _beng |
||
| 041 |
_2eng _aeng |
||
| 082 | _aU8:936:N5, J3 | ||
| 100 |
_aChegaray Jacques _995322 |
||
| 245 | 0 |
_aMy polynesia _b Tahiti revisited tr by Robin Graham. |
|
| 260 | _c1953 | ||
| 650 | _aGEOGRAPHY | ||
| 942 |
_hU8:936:N5, J3 _cTEXL _2cc |
||
| 999 |
_c1050580 _d1050580 |
||